000 00791nam a2200217 i 4500
001 144304
003 ES-MaACL
005 20250809053827.0
007 t|
008 070214s1941 sp r ||||1| spa d
100 1 _aSieveking, Heinrich.
_9106291
245 1 0 _aHistoria económica universal /
_cHeinrich Sieveking ; traducción del alemán por Pío Ballesteros.
260 _aMadrid :
_bRevista de Derecho Privado,
_c1941.
300 _aVIII, 334 p. ;
_c24 cm.
490 1 _aBiblioteca de la revista de derecho privado. Serie E ;
_v11
700 1 _aBallesteros, Pío,
_d1882-1952
_925043
830 0 0 _aBiblioteca de la Revista de derecho privado
_v11
_9182876
852 _aES-MaACL
_jF-15859
_bR.20492
852 _aES-MaACL
_jB-9551
_bR.19340
999 _c144304
_d144304